LIBRARY & INFORMATION CENTRE, KCAET, TAVANUR

ONLINE PUBLIC ACCESS CATALOGUE (OPAC)

John Keats: The Odeas / (Record no. 11702)

MARC details
000 -LEADER
fixed length control field 00369cam a2200145ua 4500
041 ## - LANGUAGE CODE
Language code of text/sound track or separate title eng
082 ## - DEWEY DECIMAL CLASSIFICATION NUMBER
Classification number 821
Item number WEE/JO
100 ## - MAIN ENTRY--AUTHOR NAME
Personal name Weekes, A R .
245 ## - TITLE STATEMENT
Title John Keats: The Odeas /
260 ## - PUBLICATION, DISTRIBUTION, ETC. (IMPRINT)
Place of publication New York :
Name of publisher Universities Tutorials Press Ltd. ,
Year of publication 1962.
300 ## - PHYSICAL DESCRIPTION
Number of Pages 104 ; .
942 ## - ADDED ENTRY ELEMENTS (KOHA)
Koha item type Books
Holdings
Withdrawn status Lost status Damaged status Home library Current library Date acquired Full call number Accession Number Koha item type
Withdrawn   Damaged KAUAET KAUAET 07/04/2012 821 11532 Books
free website counter